Daftar ungkapan umum pelancongan dan perhotelan

Bibliographic Details
Format: Book
Language:English
Published: Kuala Lumpur : Dewan Bahasa dan Pustaka 1999
Series:Siri penerbitan gerakan bahasa kebangsaan sektor swasta
Subjects:

MARC

LEADER 00000cam a2200000 7i4500
001 0000008444
005 20240913.0
008 231123 my eng
020 |a 9836267182 (pbk) 
040 |a INS   |b eng   |e rda 
090 0 0 |a RPL5087.3.T7   |b .D34 1999 
245 0 0 |a Daftar ungkapan umum pelancongan dan perhotelan 
264 1 |a Kuala Lumpur :   |b Dewan Bahasa dan Pustaka   |c 1999 
264 4 |c ©1999 
300 |a xii, 179 pages ;   |c 22 cm. 
336 |a text  |2 rdacontent 
337 |a unmediated  |2 rdamedia 
338 |a volume  |2 rdacarrier 
490 0 |a Siri penerbitan gerakan bahasa kebangsaan sektor swasta 
504 |a Includes bibliographical references 
650 0 |a Hotel management   |x Dictionaries 
650 0 |a Tourist trade   |x Dictionaries 
999 |a 0000008029   |b BOOK   |c Red Spot   |e Default branch